[Event "GER T235-C42-S email"]
[Site "GER email"]
[Date "2016.07.18"]
[Round "?"]
[White "Fritsche, Frank"]
[Black "Behrendorf, Kurt Albert"]
[Result "1-0"]
[WhiteElo "2134"]
[BlackElo "2019"]
[PlyCount "83"]
[EventDate "2016.07.25"]
[EventType "tourn (corr)"]
[EventRounds "8"]
[EventCountry "GER"]
[SourceTitle "Corr 2020"]
[Source "ChessBase"]
[SourceDate "2019.09.30"]
[SourceVersion "1"]
[SourceVersionDate "2019.09.30"]
[SourceQuality "1"]

1. e4 e5 2. Nf3 Nf6 3. Nxe5 Nxe4 4. Qe2 Qe7 5. Qxe4 d6 6. f4 f5 7. Qe3 dxe5 8. fxe5 Nc6 9. Nc3 Nxe5 10. d4 Nc6 11. Qxe7+ Bxe7 12. Nb5 Kd7 13. Bf4 g5 14. Bd2 a6 15. Nc3 b5 16. Nd5 Bd8 17. 0-0-0 Bb7 18. c4 Kc8 19. Ne3 f4 20. Nc2 bxc4 21. Bxc4 Bf6 22. Bc3 Ne7 23. Be6+ Kb8 24. d5 Bxc3 25. bxc3 Ka7 26. c4 Ng6 27. Nd4 Rhf8 28. Kc2 h6 29. Rb1 Rab8 30. Kc3 Rfe8 31. c5 Ba8 32. Rxb8 Rxb8 33. c6 Re8 34. Rb1 h5 35. a4 Re7 36. Nf5 Rh7 37. Kc4 g4 38. Kc5 g3 39. hxg3 fxg3 40. a5 Ne7 41. Nxe7 Rxe7 42. Rh1 1-0

[Event "GER T235-C42-S email"]
[Site "GER email"]
[Date "2016.07.18"]
[Round "?"]
[White "Hebel, Erich"]
[Black "Behrendorf, Kurt Albert"]
[Result "1/2-1/2"]
[WhiteElo "2021"]
[BlackElo "2019"]
[PlyCount "61"]
[EventDate "2016.07.25"]
[EventType "tourn (corr)"]
[EventRounds "8"]
[EventCountry "GER"]
[SourceTitle "Corr 2020"]
[Source "ChessBase"]
[SourceDate "2019.09.30"]
[SourceVersion "1"]
[SourceVersionDate "2019.09.30"]
[SourceQuality "1"]

1. e4 e5 2. Nf3 Nf6 3. Nxe5 Nxe4 4. Qe2 Qe7 5. Qxe4 d6 6. f4 f5 7. Qe3 dxe5 8. fxe5 Nc6 9. Nc3 Nxe5 10. d4 Nc6 11. Qxe7+ Bxe7 12. Nb5 Kd7 13. Bf4 g5 14. Bd2 a6 15. Nc3 b5 16. Nd5 Bd8 17. 0-0-0 Bb7 18. c4 Re8 19. b3 bxc4 20. Bxc4 Kc8 21. Bc3 a5 22. Rhe1 Rxe1 23. Rxe1 Nb4 24. Nxb4 axb4 25. Be6+ Kb8 26. Bxb4 Rxa2 27. Bxf5 Ra1+ 28. Bb1 Bxg2 29. Kb2 Ra8 30. Bxh7 Bf6 31. Bc5 1/2-1/2

[Event "GER rap11 FSM/V04 email"]
[Site "GER email"]
[Date "2015.06.15"]
[Round "?"]
[White "Behrendorf, Kurt Albert"]
[Black "Ensenbach, Marc"]
[Result "1/2-1/2"]
[WhiteElo "2023"]
[BlackElo "2100"]
[PlyCount "111"]
[EventDate "2015.06.26"]
[EventType "tourn (corr)"]
[EventRounds "4"]
[EventCountry "GER"]
[SourceTitle "Corr 2020"]
[Source "ChessBase"]
[SourceDate "2019.09.30"]
[SourceVersion "1"]
[SourceVersionDate "2019.09.30"]
[SourceQuality "1"]

1. e4 e5 2. Nf3 Nc6 3. Bb5 Nf6 4. d3 Bc5 5. c3 0-0 6. 0-0 d6 7. h3 Ne7 8. d4 Bb6 9. Re1 Ng6 10. Bd3 c5 11. dxe5 dxe5 12. Qc2 h6 13. Be3 Be6 14. Nbd2 Qe7 15. Bc4 Bxc4 16. Nxc4 Bc7 17. b3 Rfd8 18. a4 b6 19. Red1 a6 20. Nb2 Rab8 21. Ne1 Nf4 22. f3 N6h5 23. Ned3 f5 24. Bxf4 exf4 25. e5 g5 26. Re1 Ng7 27. Kh1 Rd5 28. b4 Rbd8 29. bxc5 bxc5 30. Rad1 h5 31. Nc4 Qe6 32. Qe2 h4 33. Kh2 Nh5 34. Rd2 Qd7 35. e6 Qe7 36. Rdd1 Ng7 37. a5 g4 38. Kg1 gxh3 39. gxh3 Qg5+ 40. Kf1 Nh5 41. Qg2 Ng3+ 42. Kg1 Kh7 43. Kh2 Qe7 44. Qc2 Qg7 45. e7 Re8 46. Nb6 Nf1+ 47. Kh1 Qg3 48. Rxf1 Rxd3 49. Qg2 Rxd1 50. Rxd1 Rxe7 51. Qxg3 fxg3 52. Nd5 Rf7 53. Nxc7 Rxc7 54. Rd6 Re7 55. Rxa6 Re3 56. Rf6 1/2-1/2

[Event "GER rap11 FSM/V04 email"]
[Site "GER email"]
[Date "2015.06.15"]
[Round "?"]
[White "Thau, Oliver"]
[Black "Behrendorf, Kurt Albert"]
[Result "0-1"]
[WhiteElo "1567"]
[BlackElo "2023"]
[PlyCount "32"]
[EventDate "2015.06.26"]
[EventType "tourn (corr)"]
[EventRounds "4"]
[EventCountry "GER"]
[SourceTitle "Corr 2020"]
[Source "ChessBase"]
[SourceDate "2019.09.30"]
[SourceVersion "1"]
[SourceVersionDate "2019.09.30"]
[SourceQuality "1"]

1. b3 e5 2. Bb2 Nc6 3. e3 d6 4. g3 Nf6 5. Bg2 Bf5 6. d3 d5 7. Nd2 Bd6 8. Ne2 Qd7 9. h3 h5 10. a3 0-0-0 11. b4 a6 12. Nb3 Qe7 13. 0-0 Qe6 14. Kh2 h4 15. Ng1 hxg3+ 16. fxg3 Bxh3 0-1

[Event "GER-ch47 sf10 email"]
[Site "GER email"]
[Date "2015.04.11"]
[Round "?"]
[White "Behrendorf, Kurt Albert"]
[Black "Fabig, Holger"]
[Result "1/2-1/2"]
[WhiteElo "2023"]
[BlackElo "2031"]
[PlyCount "58"]
[EventDate "2015.04.20"]
[EventType "tourn (corr)"]
[EventRounds "8"]
[EventCountry "GER"]
[SourceTitle "Corr 2020"]
[Source "ChessBase"]
[SourceDate "2019.09.30"]
[SourceVersion "1"]
[SourceVersionDate "2019.09.30"]
[SourceQuality "1"]

1. e4 c5 2. Nf3 d6 3. d4 cxd4 4. Nxd4 Nf6 5. Nc3 a6 6. f3 e5 7. Nb3 Be6 8. Be3 h5 9. Nd5 Bxd5 10. exd5 Nbd7 11. Qd2 g6 12. 0-0-0 Nb6 13. Qa5 Bh6 14. Bxh6 Rxh6 15. Kb1 Rh8 16. g3 h4 17. g4 Rc8 18. Bd3 Kf8 19. c4 Kg7 20. Qb4 Qc7 21. Na5 Rhe8 22. Rhf1 e4 23. fxe4 Nxe4 24. Qe1 Qe7 25. h3 Na4 26. Bc2 Nac5 27. b4 Qe5 28. bxc5 Nc3+ 29. Ka1 Ne2+ 1/2-1/2

[Event "GER-ch47 sf10 email"]
[Site "GER email"]
[Date "2015.04.11"]
[Round "?"]
[White "Ries, Berthold"]
[Black "Behrendorf, Kurt Albert"]
[Result "1/2-1/2"]
[WhiteElo "2051"]
[BlackElo "2023"]
[PlyCount "74"]
[EventDate "2015.04.20"]
[EventType "tourn (corr)"]
[EventRounds "8"]
[EventCountry "GER"]
[SourceTitle "Corr 2020"]
[Source "ChessBase"]
[SourceDate "2019.09.30"]
[SourceVersion "1"]
[SourceVersionDate "2019.09.30"]
[SourceQuality "1"]

1. e4 c5 2. Nf3 d6 3. d4 cxd4 4. Nxd4 Nf6 5. Nc3 a6 6. h3 g6 7. g4 Bg7 8. Bg2 0-0 9. Be3 Nc6 10. Qd2 Bd7 11. 0-0-0 b5 12. g5 Ne8 13. Nxc6 Bxc6 14. h4 Bxc3 15. Qxc3 Rc8 16. Qd3 Ng7 17. h5 gxh5 18. f4 Qc7 19. Kb1 e6 20. Bd4 e5 21. Bc3 a5 22. Bd2 b4 23. Bh3 Ne6 24. Bf5 Bb5 25. Qxb5 Qxc2+ 26. Ka1 Nd4 27. Qf1 Rc3 28. Bc1 Ra3 29. Bxh7+ Kg7 30. bxa3 Rb8 31. fxe5 Qc3+ 32. Bb2 Nc2+ 33. Kb1 Nxa3+ 34. Ka1 Nc2+ 35. Kb1 Na3+ 36. Ka1 Nc2+ 37. Kb1 Na3+ 1/2-1/2

[Event "GER T196-E71-S email"]
[Site "GER email"]
[Date "2014.08.17"]
[Round "?"]
[White "Behrendorf, Kurt Albert"]
[Black "Hebel, Erich"]
[Result "1/2-1/2"]
[WhiteElo "2056"]
[BlackElo "1959"]
[PlyCount "128"]
[EventDate "2014.08.28"]
[EventType "tourn (corr)"]
[EventRounds "8"]
[EventCountry "GER"]
[SourceTitle "Corr 2020"]
[Source "ChessBase"]
[SourceDate "2019.09.30"]
[SourceVersion "1"]
[SourceVersionDate "2019.09.30"]
[SourceQuality "1"]

1. d4 Nf6 2. c4 g6 3. Nc3 Bg7 4. e4 d5 5. h3 dxe4 6. Nge2 0-0 7. Be3 Nc6 8. Qd2 a6 9. Rd1 b5 10. Ng3 e5 11. d5 Nd4 12. Nce2 Nf5 13. Nxf5 Bxf5 14. Ng3 bxc4 15. Bc5 c3 16. bxc3 Re8 17. Bc4 Bd7 18. Bb3 c6 19. d6 Be6 20. 0-0 Nd7 21. Ba3 Bxb3 22. axb3 f5 23. b4 Qf6 24. c4 e3 25. fxe3 Qh4 26. Ne2 Qxc4 27. Rc1 Qd5 28. Rfd1 Qxd2 29. Rxd2 Bh6 30. Kf2 f4 31. exf4 exf4 32. Rc4 f3 33. Nf4 fxg2 34. Kxg2 a5 35. bxa5 Rxa5 36. Bc1 Rg5+ 37. Kh2 Ne5 38. Rd1 Nxc4 39. d7 Rge5 40. dxe8Q+ Rxe8 41. Nxg6 Ne3 42. Bxe3 Rxe3 43. Nh4 Bf4+ 44. Kg1 Rg3+ 45. Ng2 Be5 46. Rd8+ Kf7 47. Rd7+ Kg6 48. Re7 Bf6 49. Rc7 Rc3 50. Nf4+ Kf5 51. Ne2 Rc2 52. Kf2 h6 53. Kf3 Rc4 54. Ke3 Be5 55. Rc8 Rc5 56. Kf3 Ke6 57. Ke4 Bf6 58. Nf4+ Kd7 59. Rg8 Re5+ 60. Kd3 Rg5 61. Rxg5 hxg5 62. Ne2 Kd6 63. Kc4 Be5 64. Ng1 Bf6 1/2-1/2

[Event "GER T196-E71-S email"]
[Site "GER email"]
[Date "2014.08.17"]
[Round "?"]
[White "Behrendorf, Kurt Albert"]
[Black "Schoenberger, Kay"]
[Result "0-1"]
[WhiteElo "2056"]
[BlackElo "2008"]
[PlyCount "52"]
[EventDate "2014.08.28"]
[EventType "tourn (corr)"]
[EventRounds "8"]
[EventCountry "GER"]
[SourceTitle "Corr 2020"]
[Source "ChessBase"]
[SourceDate "2019.09.30"]
[SourceVersion "1"]
[SourceVersionDate "2019.09.30"]
[SourceQuality "1"]

1. d4 Nf6 2. c4 g6 3. Nc3 Bg7 4. e4 d5 5. h3 Nxe4 6. Nxd5 e6 7. Nc3 Nxc3 8. bxc3 c5 9. Be3 Nc6 10. Nf3 Qa5 11. Bd2 0-0 12. Be2 Qa3 13. d5 exd5 14. cxd5 Ne7 15. c4 Bf5 16. 0-0 Rae8 17. g4 Nc8 18. Rc1 Bd7 19. Bf4 f5 20. g5 Re4 21. Bc7 Qxa2 22. Rc2 Qb3 23. Bd3 Rf7 24. Qd2 b5 25. Rfc1 bxc4 26. Bxc4 Qxf3 0-1

[Event "GER rap9 FSM/V04 email"]
[Site "GER email"]
[Date "2013.12.23"]
[Round "?"]
[White "Behrendorf, Kurt Albert"]
[Black "Hinz, Horst"]
[Result "1/2-1/2"]
[WhiteElo "2059"]
[BlackElo "2094"]
[PlyCount "60"]
[EventDate "2013.12.31"]
[EventType "tourn (corr)"]
[EventRounds "4"]
[EventCountry "GER"]
[SourceTitle "Corr 2015"]
[Source "ChessBase"]
[SourceDate "2015.07.17"]
[SourceVersion "1"]
[SourceVersionDate "2015.07.17"]
[SourceQuality "1"]

1. e4 e5 2. Nf3 Nc6 3. Bb5 a6 4. Ba4 Nf6 5. 0-0 b5 6. Bb3 Bb7 7. d3 Bd6 8. c3 0-0 9. Nbd2 Re8 10. a4 Na5 11. Ba2 c5 12. Nb3 Nxb3 13. Qxb3 Qe7 14. Ng5 Rf8 15. axb5 axb5 16. Qxb5 Bc6 17. Qb3 Ra4 18. Qd1 Kh8 19. Be3 h6 20. Nxf7+ Rxf7 21. Bxf7 Rxa1 22. Qxa1 Qxf7 23. Qa7 Qf8 24. f3 Nh7 25. c4 Ng5 26. Bxg5 hxg5 27. Qa5 Kh7 28. b3 Qb8 29. Qc3 Be7 30. h3 Kg6 1/2-1/2

[Event "GER MS-187 email"]
[Site "GER email"]
[Date "2013.11.26"]
[Round "?"]
[White "Behrendorf, Kurt Albert"]
[Black "Fuchs, Joerg"]
[Result "1/2-1/2"]
[WhiteElo "2056"]
[BlackElo "2101"]
[PlyCount "68"]
[EventDate "2013.12.09"]
[EventType "tourn (corr)"]
[EventRounds "6"]
[EventCountry "GER"]
[SourceTitle "Corr 2015"]
[Source "ChessBase"]
[SourceDate "2015.07.17"]
[SourceVersion "1"]
[SourceVersionDate "2015.07.17"]
[SourceQuality "1"]

1. e4 c5 2. Nf3 Nc6 3. Bb5 g6 4. 0-0 Bg7 5. Re1 Nf6 6. c3 0-0 7. h3 Qb6 8. Na3 d5 9. e5 Ne8 10. d4 cxd4 11. cxd4 Nc7 12. Bxc6 bxc6 13. Nb1 Bf5 14. Nc3 Qb4 15. a3 Qb7 16. Na4 Rfb8 17. Be3 h6 18. Rc1 g5 19. Nd2 Ne6 20. h4 f6 21. Qf3 Bg6 22. hxg5 hxg5 23. Nc5 Nxc5 24. Rxc5 a5 25. Rec1 Be8 26. b3 Rd8 27. Qg3 Bd7 28. R5c3 Rf8 29. Nf3 Qb5 30. a4 Qb8 31. Re1 Ra7 32. Bd2 Bf5 33. Bc1 Qb4 34. Bd2 Qb8 1/2-1/2